000
00257nam a2200097Ia 4500
001
1250541
005
20251031150858.0
008
251031s9999 xx 000 0 und d
245
0
_c
CENGİZ AYDOĞDU
_a
B-1 BİZE VELVELE DÜŞTÜ
260
_b
ÖTÜKEN YAYINLARI
999
_c
1250541
_d
1250541